000 00738nam a2200169 a 4500
001 000048701
005 20201002061336.0
008 190410s2016 dr a 000 0 spa d
040 _aDO-SdBNP
_bspa
_cBNPHU
110 1 _aSuperintendencia de Electricidad
_bRepública Dominicana
_976152
245 1 0 _aReglamento revisiones y suministros para el tratamiento reclamaciones y denuncias de fraude en la relación empresas distribuidoras -usuarios :
_bresolución SIE-01-2018.
260 _aSanto Domingo :
_bSuperintendencia de Electricidad,
_c2016.
300 _a78 [4] p. :
_bils. ;
_c28 cm.
490 1 _aMercado eléctronico minorista (MEMI)
_v2
590 _aInventariado, 2019/VM
830 0 _aMercado eléctronico minorista (MEMI)
_n2
_976158
999 _c48189
_d48189